Loading...
| Ancient History and Archaeology | 3 | 10.00 | 0% | 67% | 133% |
| Beliefs | 8 | 12.50 | 100% | 125% | 75% |
| British and Commonwealth History | 3 | 13.33 | 133% | 200% | 0% |
| Current Events | 4 | 17.50 | 200% | 150% | 100% |
| Fine Arts - Auditory | 6 | 13.33 | 67% | 117% | 83% |
| Fine Arts - Visual | 4 | 12.50 | 100% | 50% | 125% |
| Geography | 1 | 0.00 | 0% | 0% | 0% |
| History - American | 4 | 15.00 | 200% | 200% | 0% |
| History - European | 4 | 12.50 | 200% | 50% | 100% |
| History - World | 6 | 8.33 | 133% | 100% | 0% |
| Literature - American | 3 | 13.33 | 133% | 67% | 100% |
| Literature - British | 7 | 8.57 | 57% | 71% | 57% |
| Literature - European | 7 | 11.43 | 14% | 57% | 129% |
| Other Academic | 1 | 10.00 | 0% | 200% | 0% |
| Other Arts: Auditory | 2 | 10.00 | 200% | 100% | 0% |
| Other Arts: Visual | 3 | 13.33 | 267% | 67% | 67% |
| Other Science: Computer Science | 1 | 10.00 | 400% | 0% | 0% |
| Other Science: Earth Science | 2 | 5.00 | 0% | 50% | 0% |
| Philosophy | 6 | 11.67 | 133% | 100% | 67% |
| Science - Biology | 4 | 17.50 | 300% | 150% | 50% |
| Science - Chemistry | 5 | 14.00 | 100% | 160% | 20% |
| Science - Physics | 3 | 6.67 | 0% | 67% | 67% |
| Social Science | 5 | 22.00 | 240% | 160% | 160% |
| World and Other Literature | 5 | 10.00 | 160% | 0% | 120% |